000 00399pab a2200157 454500
008 180718b2005 xxu||||| |||| 00| 0 eng d
100 _aRao, Radhakrishna
245 _aWomen's groups herald a wind of change in rural Uttaranchal
260 _c2005
300 _ap.35-37.
362 _aJan
650 _aWomen - India - Uttaranchal
650 _aWomen
773 _aKurukshetra
909 _a63710
999 _c63710
_d63710